000 00509nam a2200169Ia 4500
008 140527s9999 xx 000 0 und d
020 _a9780080966700
050 _aTX 911.3.M27
_b.F739 2012
100 _aDavis, Bernard
245 _aFood and beverage management /
_cBernardDavis... [et al.].
260 _aNew York :
_bRoutledge,
_cc2012.
300 _a385 p. :
_bill. ;
_c25 cm.
500 _aIncludes bibliographical references and index.
521 _aTOU
942 _kFOR
_cBK
999 _c117538
_d117538